000 01060pam a2200301 i 4500
001 013442729
003 EG-ScBUE
005 20251126100416.0
008 060823t2006 stka f b 001 0 eng d
020 _a9780748621859 (pbk.)
020 _a0748621857 (pbk.)
040 _aStDuBDS
_beng
_erda
_cEG-ScBUE
_dStEdNL
_dEG-ScBUE
082 0 4 _a001.3072
_222
_bDAV
100 1 _aDavies, Máire Messenger,
_eauthor.
245 1 0 _aPractical research methods for media and cultural studies :
_bmaking people count /
_cMáire Messenger Davies and Nick Mosdell.
264 1 _aEdinburgh :
_bEdinburgh University Press,
_c[2006]
264 4 _cc2006
300 _a202 pages :
_billustrations ;
_c23 cm
336 _atext
_2rdacontent
_btxt
337 _aunmediated
_2rdamedia
_bn
338 _avolume
_2rdacarrier
_bnc
504 _aIncludes bibliographical references and index.
650 7 _aHumanities
_xResearch
_xMethodology.
_2BUEsh
655 _vReading book
700 1 _aMosdell, Nick,
_eauthor.
942 _2ddc
_cBB
999 _c31015
_d30986